| 000 | 00871nam a2200241 i 4500 | ||
|---|---|---|---|
| 001 | 161611 | ||
| 003 | ES-MaACL | ||
| 005 | 20230906212325.0 | ||
| 008 | 940301q1899 sp a d |||| | spa d | ||
| 040 |
_aAS _bspa |
||
| 080 | _a78(038) | ||
| 100 | 1 |
_aPedrell, Felipe, _d1841-1922 _989905 |
|
| 245 | 1 | 0 |
_aDiccionario técnico de la música / _cescrito con presencia de las obras más notables... por Felipe Pedrell. |
| 250 | _a2ª ed. | ||
| 260 |
_aBarcelona : _bIsidro Torres Oriol, _c[ca. 1899] |
||
| 300 |
_a529 p. : _bil. ; _c28 cm. |
||
| 530 | _aDisponible en formato digital. | ||
| 596 | _aThe new Grove, 14, 331 la fecha en 1899. | ||
| 650 | 4 |
_aMúsica- _vDiccionarios. _915382 |
|
| 852 |
_aES-MaACL _jG-2995 _z-- Enc. tela |
||
| 856 |
_uhttp://bdh-rd.bne.es/viewer.vm?id=0000008699&page=1 _zBiblioteca Digital Hispánica |
||
| 999 |
_c161611 _d161611 |
||